| 000 | 01208nam a22002175i 4500 | ||
|---|---|---|---|
| 001 | 159970 | ||
| 003 | ES-MaACL | ||
| 005 | 20250827052113.0 | ||
| 008 | 020909s1852 sp |||| | spa d | ||
| 040 |
_aCCPB | B _bspa _cCCPB | B |
||
| 100 | 1 |
_aMonlau, Pedro Felipe, _d1808-1871 _982226 |
|
| 245 | 1 | 0 |
_aInforme sobre las medidas higiénicas que deben tomarse antes de la salida, durante la travesía, y al arribo de los buques _b: redactado en nombre de una comisión especial por su secretario-relator el D. D. Pedro Felipe Monlau y leído por él mismo en la sesión que celebró el Congreso Sanitario de París, el día 15 de noviembre de 1851 / _cpuesto en castellano por Santiago Méndez ; precedido de una introducción por Antonio María Segovia. |
| 260 |
_aBarcelona : _b[s.n.], _c1852 ( _fImp. y Librería de Pablo Riera) |
||
| 300 |
_a38 p. ; _c20 cm. |
||
| 650 | 7 |
_aViajes- _xAspectos sanitarios _2 _9148683 |
|
| 700 | 1 |
_aMéndez, Santiago. _9130354 |
|
| 700 | 1 |
_aSegovia, Antonio María. _9132630 |
|
| 852 |
_aES-MaACL _jR-1369(3) _z-- Enc. hol. _q-- Falto de la cub. original _z-- Enc. en un vol. facticio _z.- Donat. Mateo Seoane |
||
| 999 |
_c159970 _d159970 |
||